000 01725nam0a2200301 4500
001 RU\NLR\bibl\808796
005 20260407113903.0
021 _aRU
_b2005-11850п
_9470п
035 _a(NLR Aleph) 000797885
090 _a1162590
_c1162590
100 _a20050610d2004 |||y0rusy50 ca
101 0 _arus
102 _aRU
105 _aa |||||||||
200 1 _aНаучно-исследовательские, опытно-конструкторские и технологические работы (НИОКР)
_eправовые аспекты, особенности бухгалтерского учета и налогообложения
_eкомментарии, советы и рекомендации специалистов
_f[Рос. газ.]
210 _aМосква
_cБиблиотечка "Российской газеты"
_d2004
215 _a184 с.
_cил., портр.
_d20
225 1 _aБиблиотечка "Российской газеты"
_vВып. N° 22
311 _aПрил. к "Рос. газ."
422 0 _12001#$aРоссийская газета
_tРоссийская газета
606 1 _aДоговоры на выполнение научно-исследовательских, опытно-конструкторских и технологических работ
_jЗаконодательные материалы
_jКомментарии
_yРоссийская Федерация
_91999801
_3RU\NLR\auth\661204032
686 _aХ623.211.63-39(2Р)21
712 0 2 _4570
_a"Российская газета"
_cМосква
_3RU\NLR\AUTH\889945503
_9386425
801 0 _aRU
_bNLR
_c20050610
_grcr
801 1 _aRU
_bNLR
_c20050610
942 _cBOOK
980 _aNB